| Поле | Название | Значение |
| |
Тип записи |
a |
| |
Библиографический уровень |
m |
| 001 |
Контрольный номер |
RU/SLIB/B/208713078 |
| 005 |
Дата корректировки |
20201206203917.7 |
| 010 |
Индекс ISBN |
__ |
| a |
ISBN |
5-87444-033-x |
| d |
Цена |
60-00 |
| 101 |
Язык документа |
__ |
| a |
Язык текста |
rus |
| c |
Язык оригинала |
rus |
| 200 |
Заглавие и сведения об ответственности |
1_ |
| a |
Заглавие |
Какого мы роду-племени? Народы России: имена и судьбы |
| e |
Сведения, относящиеся к заглавию |
слов.- справ. |
| f |
Первые сведения об ответственности |
Р. А. Агеева |
| b |
Общее обозначение материала |
Текст |
| 210 |
Выходные данные |
__ |
| a |
Место издания |
М. |
| c |
Издательство |
Academia |
| d |
Дата издания |
2000 |
| 215 |
Физическое описание |
__ |
| a |
Объем |
423 с. |
| 330 |
Аннотация |
__ |
| a |
Аннотация |
Книга представляет собой расшифровку такого понятия как "россияне". Автор констатирует, что оно объединяет собой примерно 150 этнических сообществ. Подробно рассказывается об этнической истории каждого народа, на основе каких племен она складывалась, каковы пути миграции. В справочнике представлен материал об этнонимах, т.е. названиях народов, бытующих в русском и других языках. |
| 606 |
Тематические рубрики |
__ |
| a |
Основная рубрика |
Этнология |
| y |
Географическая подрубрика |
Россия |
| 606 |
Тематические рубрики |
__ |
| a |
Основная рубрика |
Сравнительная этнология |
| 610 |
Ключевые слова |
__ |
| a |
Ключевые слова |
народы мира; этнография; национальные отношения; этническая история; этническая культура; этническое сознание; этнографическое религиоведение; этнодемография; этнолингвистика; этнология; этнополитика; этносы; этносоциология; русские; народности |
| 686 |
Индексы других классификаций |
__ |
| a |
Классификационный индекс |
63.529(2)я2 ; ст63.5(2)я2 |
| 700 |
Автор |
_1 |
| a |
Фамилия |
Агеева |
| b |
Имя |
Р. А. |
| 4 |
Код отношения |
070 |
| 801 |
Источник записи |
_0 |
| a |
Страна |
RU |
| b |
Организация |
Муниципальное бюджетное учреждение культуры "Централизованная библиотечная система" г. Сургут (Центральная городская библиотека им. А. С. Пушкина) |
| g |
Правила каталогизации |
КиК/Тесленко |
| 801 |
Источник записи |
_1 |
| a |
Страна |
RU |
| b |
Организация |
Муниципальное бюджетное учреждение культуры "Централизованная библиотечная система" г. Сургут (Центральная городская библиотека им. А. С. Пушкина) |
| g |
Правила каталогизации |
КиК/Тесленко |
| 852 |
Данные о местонахождении |
__ |
| j |
Шифр хранения |
63.529(2)я2 |
| c |
Каталожный индекс |
63.5(2)я2 |
| i |
Авторский знак |
А 23 |
| 901 |
Тип документа |
__ |
| t |
Тип документа |
m |
| 903 |
Характеристики (МАРС) |
__ |
| a |
Дата передачи |
20081027; 20010522 |
| 969 |
Тип издания |
__ |
| a |
Тип издания |
словарь; справочник |
| 990 |
Данные о заказе (DOS) |
__ |
| t |
N записи в КСУ для И/У (DOS) |
200105 |
| j |
Количество экземпляров (DOS) |
17 |